000 00690nam a22001937a 4500
005 20231228110239.0
010 _aENG-138792
020 _a9789393622129
_c300
035 _aEN-122324
037 _bDBAD/PUB
082 _a621.38275
_21
245 _aRecent Development in Electronics and Communication Engineering/
_cEdited By Jacob Abraham
250 _a1
260 _aTamilnadu
_bInnovation Online Training Academy(IOTA) Publlishers
_c2022
270 _a11c, Brindha Layout, Krishna Nagar, Coimbatore-1,
_bTamiilnadu
_k7825007500
_miotacbe@gmail.com
300 _a129p.
_c25cm(pbk)
700 _960332
_aAbraham, Jacob
_eEditor
942 _2ddc
_cEN
_h621.38275
_mREC
_e1
999 _c199862
_d199862